000 00484nam a22001937a 4500
003 OSt
008 250204b |||||||| |||| 00| 0 eng d
020 _a9789354517396
082 _a615.58 BAT
100 _aBakliwal, Sunil.R
245 _aText Book of Pharmacotherapeutics
250 _a5th
260 _aN.Delhi
_bNirali Pub.
_c2025
300 _a14.14
650 _aPharmacotherapeutics
700 _aKasliwal, Anoop.M
700 _aPolshettiwar, Satish.A
942 _2ddc
_cBK
999 _c13076
_d13076